Statistics for Merged Names of Famous Songs Quiz

Click here to take the quiz!

General Stats

  • This quiz has been taken 100 times
  • The average score is 16 of 23

Answer Stats

Answer% Correct
Bohemian Rhapsody
91%
Gangnam Style
91%
Queen
91%
Eminem
80%
Can't Help Falling In Love
79%
Wake Me Up Before You Go-Go
79%
Smells Like Teen Spirit
78%
Bad Romance
73%
Nirvana
73%
Psy
73%
The Real Slim Shady
70%
Lady Gaga
66%
Highway to Hell
61%
California Gurls
60%
Katy Perry
60%
Wham!
60%
Livin' La Vida Loca
59%
Welcome To The Jungle
57%
Elvis Presley
55%
AC/DC
54%
Ricky Martin
53%
Guns N' Roses
45%
God Rest Ye Merry Gentlemen
41%

Score Distribution

Percentile by Number Answered

Percent of People with Each Score

Your Score History

You have not taken this quiz